Энергия сопротивления (Запись № 11795598)

Подробности
000 -МАРКЕР
контрольное поле 01938nam0a2200361 4500
001 - ИДЕНТИФИКАТОР ЗАПИСИ
контрольное поле RU\NLR\BIBL_A\012079242
005 - ИДЕНТИФИКАТОР ВЕРСИИ
контрольное поле 20190912153409.0
010 ## - МЕЖДУНАРОДНЫЙ СТАНДАРТНЫЙ НОМЕР КНИГИ (ISBN)
Номер (ISBN) 978-5-235-04302-2
Тираж 1000
021 ## - НОМЕР ГОСУДАРСТВЕННОЙ РЕГИСТРАЦИИ
Код страны Российская Федерация
Номер КН-П-19-054656
Номер Листа государственной регистраци КН-П-19-3928
035 ## - ДРУГИЕ СИСТЕМНЫЕ НОМЕРА
Идентификатор записи (NLR Aleph) 012079242
035 ## - ДРУГИЕ СИСТЕМНЫЕ НОМЕРА
Идентификатор записи (RuMoRGB)010048064
100 ## - ДАННЫЕ ОБЩЕЙ ОБРАБОТКИ
Данные общей обработки 20190822d2019 u y0rusy50 ca
101 0# - ЯЗЫК РЕСУРСА
Язык текста, звукозаписи и т.д. русский
102 ## - СТРАНА ПУБЛИКАЦИИ ИЛИ ПРОИЗВОДСТВА
Страна публикации Российская Федерация
105 ## - ПОЛЕ КОДИРОВАННЫХ ДАННЫХ: ТЕКСТОВЫЕ МАТЕРИАЛЫ, МОНОГРАФИЧЕСКИЕ
Кодированные данные о монографическом текстовом документе ach|z|||000zy
200 1# - ЗАГЛАВИЕ И СВЕДЕНИЯ ОБ ОТВЕТСТВЕННОСТИ
Основное заглавие Энергия сопротивления
Сведения, относящиеся к заглавию издательство "Молодая гвардия": XXI век. Осмысление прошлого, приближение будущего
Первые сведения об ответственности Валентин Юркин
210 ## - ПУБЛИКАЦИЯ, РАСПРОСТРАНЕНИЕ И ДР.
Место издания, распространения и т.д. Москва
Имя издателя, распространителя и т. д. Молодая гвардия
Дата издания, распространения и т.д. 2019
215 ## - ФИЗИЧЕСКАЯ ХАРАКТЕРИСТИКА
Специфическое обозначение материала и объем 488, [2] с., [24] л. ил., цв. ил., портр., факс.
Другие сведения о физической характеристике ил., портр.
Размеры 21
300 ## - ОБЩИЕ ПРИМЕЧАНИЯ
Текст примечания На 4-й с. обл. авт.: В. Ф. Юркин, канд. филос. наук, заслуж. работник культуры
300 ## - ОБЩИЕ ПРИМЕЧАНИЯ
Текст примечания В кн. вошли статьи и интервью В. Юркина 2002-2019 годов, а также статьи авторов "Молодой гвардии"
333 ## - ПРИМЕЧАНИЯ ОБ ОСОБЕННОСТЯХ РАСПРОСТРАНЕНИЯ И ИСПОЛЬЗОВАНИЯ
Текст примечания 16+
600 #1 - ИМЯ ЛИЦА КАК ПРЕДМЕТ
Начальный элемент ввода Юркин
Часть имени, кроме начального элемента ввода В. Ф.
Даты 1940
Расширение инициалов личного имени Валентин Федорович
Формальный подзаголовок Сборники
Системный номер авторитетной/нормативной записи 2423041
Идентификатор авторитетной/нормативной записи RU\NLR\AUTH\6601661377
601 02 - НАИМЕНОВАНИЕ ОРГАНИЗАЦИИ КАК ПРЕДМЕТ
Начальный элемент ввода "Молодая гвардия", открытое акционерное общество
Идентифицирующий признак Москва, город
Формальный подзаголовок Сборники
Системный номер авторитетной/нормативной записи 2551053
Идентификатор авторитетной/нормативной записи RU\NLR\AUTH\661509543
686 1# - ИНДЕКСЫ ДРУГИХ КЛАССИФИКАЦИЙ
Индекс Ч617.4(2)712.6я43
686 1# - ИНДЕКСЫ ДРУГИХ КЛАССИФИКАЦИЙ
Индекс Ч617.3(2Р)7-8Юркин.я43
700 #1 - ИМЯ ЛИЦА - ПЕРВИЧНАЯ ОТВЕТСТВЕННОСТЬ
Начальный элемент ввода Юркин
Часть имени, кроме начального элемента ввода В. Ф.
Даты 1940-
Расширение инициалов личного имени Валентин Федорович
942 ## - ДОПОЛНИТЕЛЬНЫЕ ЭЛЕМЕНТЫ ЗАПИСИ (АБИС)
Тип экземпляра АБИС Книга
980 ## - КОЛЛЕКЦИЯ
Название коллекции НБР
980 ## - КОЛЛЕКЦИЯ
Название коллекции Национальная библиография

Нет доступных экземпляров.